000
00266nam a2200097Ia 4500
008
240331s9999 xx 000 0 und d
082
_b
TAB
100
_a
Kulick, D. ed
245
0
_a
Taboo :
_b
sex,identity and erotic subjectivity in anthropological field work
942
_c
L
999
_c
2126
_d
2126